[Event "CMA Futurity-2"]
[Site "Toronto CAN"]
[Date "2002.08.14"]
[Round "3"]
[White "Arencibia, Walter"]
[Black "Roussel-Roozmon, Thomas"]
[Result "1-0"]
[WhiteElo "2534"]
[BlackElo "2218"]
[PlyCount "101"]
[EventDate "2002.08.12"]
[EventType "tourn"]
[EventRounds "9"]
[EventCountry "CAN"]
[EventCategory "6"]
[Source "Mark Crowther"]
[SourceDate "2002.08.19"]

1. Nf3 Nf6 2. g3 b6 3. Bg2 Bb7 4. O-O e6 5. d3 c5 6. e4 d6 7. Nbd2 Be7 8. Re1
Nc6 9. c3 O-O 10. a3 Qc7 11. d4 cxd4 12. cxd4 Rac8 13. Bf1 Nb8 14. Bd3 Ba6 15.
Bb1 Nbd7 16. Nf1 Qb7 17. Bg5 h6 18. Bd2 Rfd8 19. Bb4 Bf8 20. N1d2 Bb5 21. a4
Bc6 22. Ba3 b5 23. axb5 Bxb5 24. Qb3 Rb8 25. Qe3 Nb6 26. Qf4 Nh7 27. h4 Nc4 28.
Nxc4 Bxc4 29. Nd2 Bb5 30. Bc2 Qb6 31. Nf3 Rdc8 32. Rac1 Nf6 33. Bb1 Qa6 34. e5
dxe5 35. dxe5 Nd5 36. Qe4 Bxa3 37. Rxc8+ Rxc8 38. bxa3 Rc3 39. Qh7+ Kf8 40. Be4
Qxa3 41. Bxd5 exd5 42. e6 fxe6 43. Qh8+ Kf7 44. Ne5+ Kf6 45. g4 Rg3+ 46. Kh2
Rh3+ 47. Kg2 Bf1+ 48. Rxf1 Kxe5 49. Qxg7+ Kf4 50. Qxh6+ Ke5 51. f3 1-0

[Event "CMA Futurity-2"]
[Site "Toronto CAN"]
[Date "2002.08.15"]
[Round "4"]
[White "Shulman, Yuri"]
[Black "Roussel-Roozmon, Thomas"]
[Result "1-0"]
[WhiteElo "2591"]
[BlackElo "2218"]
[PlyCount "123"]
[EventDate "2002.08.12"]
[EventType "tourn"]
[EventRounds "9"]
[EventCountry "CAN"]
[EventCategory "6"]
[Source "Mark Crowther"]
[SourceDate "2002.08.19"]

1. d4 Nf6 2. c4 e6 3. Nc3 Bb4 4. e3 b6 5. Nge2 Ne4 6. Bd2 Nxd2 7. Qxd2 Bb7 8.
a3 Be7 9. d5 e5 10. g3 d6 11. Bg2 Nd7 12. b4 O-O 13. O-O f5 14. f4 Bf6 15. e4
fxe4 16. Bxe4 exf4 17. Nxf4 Bxc3 18. Qxc3 Ne5 19. Nd3 Nxd3 20. Qxd3 g6 21. Bxg6
hxg6 22. Qxg6+ Kh8 23. Qh6+ Kg8 24. Qg6+ Kh8 25. Rae1 Rxf1+ 26. Rxf1 Qe7 27.
Qh6+ Kg8 28. Qg6+ Kh8 29. Rf7 Qe1+ 30. Kg2 Qe2+ 31. Kh3 Bc8+ 32. g4 Qe3+ 33.
Kg2 Qe2+ 34. Kg3 Qe1+ 35. Kh3 Qe3+ 36. Kh4 Qe1+ 37. Kh5 Qe5+ 38. Kh6 Qxh2+ 39.
Qh5 Qxh5+ 40. gxh5 Bh3 41. Rxc7 Bf1 42. Kg6 a5 43. bxa5 bxa5 44. Kf7 Rg8 45.
Ke7 Rg4 46. Kxd6 Bxc4 47. Kc5 Rg1 48. d6 Be6 49. Re7 Bh3 50. d7 Bxd7 51. Rxd7
Rh1 52. a4 Rh4 53. Kb5 Rxh5+ 54. Kb6 Kg8 55. Ra7 Kf8 56. Rxa5 Rh4 57. Ra8+ Ke7
58. a5 Kd7 59. a6 Rh1 60. a7 Rb1+ 61. Kc5 Rc1+ 62. Kd4 1-0

[Event "CMA Futurity-2"]
[Site "Toronto CAN"]
[Date "2002.08.16"]
[Round "5"]
[White "Roussel-Roozmon, Thomas"]
[Black "Findlay, Ian"]
[Result "1/2-1/2"]
[WhiteElo "2218"]
[BlackElo "2328"]
[PlyCount "75"]
[EventDate "2002.08.12"]
[EventType "tourn"]
[EventRounds "9"]
[EventCountry "CAN"]
[EventCategory "6"]
[Source "Mark Crowther"]
[SourceDate "2002.08.19"]

1. d4 Nf6 2. c4 c5 3. d5 e6 4. Nc3 exd5 5. cxd5 d6 6. Nf3 g6 7. e4 Bg7 8. h3
O-O 9. Bd3 b5 10. Nxb5 Re8 11. O-O Nxe4 12. Qa4 Bd7 13. Bxe4 Qb6 14. Bd3 a6 15.
Ng5 Bxb5 16. Bxb5 Qxb5 17. Qh4 h6 18. Ne4 g5 19. Qg4 Qd7 20. Qxd7 Nxd7 21. Nxd6
Re5 22. g4 Rxd5 23. Nf5 Re8 24. Nxg7 Kxg7 25. Be3 Ne5 26. Rfd1 Red8 27. Rxd5
Rxd5 28. Rc1 Nd3 29. Rc3 Nxb2 30. Rxc5 Rxc5 31. Bxc5 Nd3 32. Bd6 h5 33. Kf1
hxg4 34. hxg4 Kf6 35. f3 Ke6 36. Ba3 f5 37. gxf5+ Kxf5 38. Ke2 1/2-1/2

[Event "CMA Futurity-2"]
[Site "Toronto CAN"]
[Date "2002.08.20"]
[Round "8"]
[White "Bluvshtein, Mark"]
[Black "Roussel-Roozmon, Thomas"]
[Result "1/2-1/2"]
[WhiteElo "2367"]
[BlackElo "2218"]
[PlyCount "99"]
[EventDate "2002.08.12"]
[EventType "tourn"]
[EventRounds "9"]
[EventCountry "CAN"]
[EventCategory "6"]
[Source "Mark Crowther"]
[SourceDate "2002.08.26"]

1. d4 Nf6 2. c4 e6 3. Nf3 b6 4. Nc3 Bb7 5. a3 d5 6. Bg5 Be7 7. e3 Nbd7 8. Be2
O-O 9. O-O h6 10. Bh4 c5 11. Rc1 Rc8 12. Nd2 cxd4 13. exd4 dxc4 14. Bxc4 Nb8
15. Ne2 Nc6 16. Nb3 Nd5 17. Bxe7 Ncxe7 18. Bd3 Qd6 19. Qd2 Nf6 20. Qe3 Ned5 21.
Qg3 Qxg3 22. hxg3 Rfd8 23. Nd2 Kf8 24. Nf3 Rxc1 25. Rxc1 Rc8 26. Rxc8+ Bxc8 27.
Ne5 Bb7 28. Kf1 Ke7 29. Ke1 Nd7 30. Be4 g5 31. Kd2 f5 32. Bf3 N7f6 33. Nc3 g4
34. Bxd5 Nxd5 35. Nxd5+ Bxd5 36. f3 h5 37. Ke3 Kf6 38. Kf4 Bb7 39. b4 Bd5 40.
b5 Bb7 41. Nc6 a6 42. Na7 axb5 43. Nxb5 Ba6 44. Nc3 Bf1 45. Na4 b5 46. Nc3 Bc4
47. Nd1 Bf1 48. Nc3 Bc4 49. Nb1 Bf1 50. Nc3 1/2-1/2

[Event "CMA Futurity-2"]
[Site "Toronto CAN"]
[Date "2002.08.21"]
[Round "9"]
[White "Roussel-Roozmon, Thomas"]
[Black "Zugic, Igor"]
[Result "0-1"]
[WhiteElo "2218"]
[BlackElo "2450"]
[PlyCount "54"]
[EventDate "2002.08.12"]
[EventType "tourn"]
[EventRounds "9"]
[EventCountry "CAN"]
[EventCategory "6"]
[Source "Mark Crowther"]
[SourceDate "2002.08.26"]

1. d4 Nf6 2. c4 e6 3. Nc3 Bb4 4. Qc2 d6 5. g3 O-O 6. Bg2 c6 7. e4 e5 8. d5 cxd5
9. cxd5 b6 10. Bd2 Ba6 11. Qa4 Bxc3 12. Bxc3 Nfd7 13. O-O-O Nc5 14. Qc2 b5 15.
Kb1 Nbd7 16. Ne2 Qb6 17. Qd2 b4 18. Bxb4 Bd3+ 19. Ka1 Bxe4 20. f3 Bg6 21. Nc1
a5 22. Bxc5 Nxc5 23. h4 a4 24. Bf1 Nb3+ 25. Nxb3 axb3 26. a3 Bc2 27. Bc4 Qc5
0-1

[Event "CAN/QC op"]
[Site "Montreal CAN"]
[Date "2002.07.13"]
[Round "1"]
[White "Roussel-Roozmon, Thomas"]
[Black "Palsson, Halldor"]
[Result "1-0"]
[WhiteElo "2329"]
[BlackElo "2078"]
[PlyCount "59"]
[EventDate "2002.07.13"]
[EventType "swiss"]
[EventRounds "9"]
[EventCountry "CAN"]

1. d4 d5 2. c4 e6 3. Nc3 c6 4. Nf3 dxc4 5. a4 Bb4 6. e3 b5 7. Bd2 Bb7 8. axb5
Bxc3 9. Bxc3 cxb5 10. b3 a5 11. bxc4 b4 12. Bb2 Nf6 13. Bd3 Nbd7 14. O-O O-O
15. Re1 Re8 16. c5 e5 17. Bb5 Qc7 18. c6 Bxc6 19. Qc2 Re6 20. Ng5 Qb6 21. Nxe6
Bxb5 22. dxe5 Ng4 23. Qe4 Re8 24. Nxg7 Kxg7 25. Qxg4+ Kf8 26. Bd4 Qd8 27. Red1
Qa8 28. e6 Rxe6 29. Qg7+ Ke7 30. Qg5+ 1-0

[Event "CAN/QC op"]
[Site "Montreal CAN"]
[Date "2002.07.14"]
[Round "2"]
[White "Fernandez, Lautaro"]
[Black "Roussel-Roozmon, Thomas"]
[Result "1/2-1/2"]
[WhiteElo "2006"]
[BlackElo "2329"]
[PlyCount "52"]
[EventDate "2002.07.13"]
[EventType "swiss"]
[EventRounds "9"]
[EventCountry "CAN"]

1. e4 e5 2. Nf3 Nf6 3. Nxe5 d6 4. Nf3 Nxe4 5. d4 d5 6. Bd3 Bd6 7. O-O O-O 8. c4
c6 9. Qc2 Na6 10. a3 Re8 11. Nc3 Bg4 12. Nxe4 dxe4 13. Bxe4 Bxf3 14. Bxf3 Qh4
15. g3 Qxd4 16. Bg5 Qe5 17. Bf4 Qf6 18. Bxd6 Qxd6 19. b4 Rad8 20. Rad1 Qf6 21.
Rxd8 Rxd8 22. Rd1 Nc7 23. Bg4 g6 24. h4 h5 25. Bh3 Rd4 26. Qe2 Kf8 1/2-1/2

[Event "CAN/QC op"]
[Site "Montreal CAN"]
[Date "2002.07.14"]
[Round "3"]
[White "Roussel-Roozmon, Thomas"]
[Black "Singher, Jean-Pierre"]
[Result "1/2-1/2"]
[WhiteElo "2329"]
[BlackElo "1948"]
[PlyCount "42"]
[EventDate "2002.07.13"]
[EventType "swiss"]
[EventRounds "9"]
[EventCountry "CAN"]

1. d4 Nf6 2. c4 e6 3. Nc3 d5 4. cxd5 exd5 5. Bg5 Nbd7 6. e3 Be7 7. Bd3 O-O 8.
Qc2 c6 9. Nf3 Re8 10. O-O Nf8 11. Rae1 Ne4 12. Bxe7 Qxe7 13. Bxe4 dxe4 14. Nd2
f5 15. f3 exf3 16. Nxf3 Be6 17. e4 fxe4 18. Rxe4 Ng6 19. Ne5 Qg5 20. Nxg6 Qxg6
21. Qe2 Bxa2 1/2-1/2

[Event "CAN/QC op"]
[Site "Montreal CAN"]
[Date "2002.07.15"]
[Round "4"]
[White "Sullivan, Neil"]
[Black "Roussel-Roozmon, Thomas"]
[Result "1/2-1/2"]
[WhiteElo "2129"]
[BlackElo "2329"]
[PlyCount "78"]
[EventDate "2002.07.13"]
[EventType "swiss"]
[EventRounds "9"]
[EventCountry "CAN"]

1. e4 c5 2. Nc3 e6 3. f4 d5 4. d3 Nc6 5. Nf3 Nf6 6. e5 Nd7 7. g3 Be7 8. Bg2 b5
9. O-O b4 10. Ne2 a5 11. c3 Ba6 12. Kh1 Qc7 13. Be3 O-O 14. Qd2 a4 15. Rfd1 a3
16. d4 axb2 17. Qxb2 Rfb8 18. Nc1 Nb6 19. cxb4 Nc4 20. Qf2 Nxb4 21. Ne1 Bb5 22.
dxc5 Ba4 23. Nb3 Nxa2 24. Rxa2 Bxb3 25. Rxa8 Rxa8 26. Rb1 Nxe3 27. Rxb3 Nxg2
28. Kxg2 Bxc5 29. Qc2 Qa7 30. Nd3 Bf8 31. Rb2 Qd4 32. Rb7 Qe4+ 33. Kh3 Qf5+ 34.
Kg2 Qe4+ 35. Kh3 Ra3 36. Rb8 Qc4 37. Qxc4 dxc4 38. Nc5 Ra7 39. Rc8 g6 1/2-1/2

[Event "CAN/QC op"]
[Site "Montreal CAN"]
[Date "2002.07.16"]
[Round "5"]
[White "Roussel-Roozmon, Thomas"]
[Black "Dydak, Mateusz"]
[Result "1-0"]
[WhiteElo "2329"]
[BlackElo "1945"]
[PlyCount "109"]
[EventDate "2002.07.13"]
[EventType "swiss"]
[EventRounds "9"]
[EventCountry "CAN"]

1. d4 f5 2. g3 Nf6 3. Bg2 d5 4. c4 e6 5. Nf3 Be7 6. O-O O-O 7. Qc2 c6 8. Nbd2
b6 9. Ne5 Bb7 10. Ndf3 Ne4 11. b3 Nd7 12. cxd5 Nxe5 13. Nxe5 cxd5 14. Nc6 Qd7
15. Nxe7+ Qxe7 16. Bb2 Rac8 17. Qd3 Rc7 18. Rac1 Rxc1 19. Rxc1 Rc8 20. Rxc8+
Bxc8 21. f3 Nf6 22. Qc3 Bb7 23. Bc1 h6 24. Bf4 Qd7 25. Kf2 Kf7 26. Bb8 Qc8 27.
Qxc8 Bxc8 28. h3 Nd7 29. Bd6 Bb7 30. g4 g6 31. Kg3 Nf6 32. a4 Bc6 33. e3 b5 34.
a5 a6 35. Ba3 Bb7 36. Kf4 Nd7 37. h4 Bc6 38. e4 fxg4 39. Kxg4 e5 40. dxe5 Nxe5+
41. Kg3 Nd3 42. Bd6 Nc1 43. b4 Nd3 44. e5 g5 45. hxg5 hxg5 46. Bh3 Nf4 47. Bc8
d4 48. Kf2 d3 49. Ke3 Bxf3 50. e6+ Ke8 51. Bd7+ Kd8 52. Bxf4 gxf4+ 53. Kxf3 Ke7
54. Bc8 d2 55. Ke2 1-0

[Event "CAN/QC op"]
[Site "Montreal CAN"]
[Date "2002.07.17"]
[Round "6"]
[White "Rouleau, Paul"]
[Black "Roussel-Roozmon, Thomas"]
[Result "0-1"]
[WhiteElo "1930"]
[BlackElo "2329"]
[PlyCount "70"]
[EventDate "2002.07.13"]
[EventType "swiss"]
[EventRounds "9"]
[EventCountry "CAN"]

1. e4 c5 2. c3 Nf6 3. e5 Nd5 4. d4 cxd4 5. cxd4 e6 6. Nc3 Nxc3 7. bxc3 Qc7 8.
Bd2 d6 9. Nf3 Nd7 10. exd6 Bxd6 11. Bd3 b6 12. O-O Bb7 13. h3 Rc8 14. Re1 Bf4
15. c4 Bxf3 16. gxf3 O-O 17. Re4 Bxd2 18. Qxd2 e5 19. Rh4 f5 20. Qg5 g6 21. Rh6
Kg7 22. Qh4 Nf6 23. Kh1 Nh5 24. Qg5 Nf4 25. Qh4 Kh8 26. Rd1 exd4 27. Rxh7+ Qxh7
28. Qxf4 g5 29. Qxd4+ Qg7 30. Be2 Qxd4 31. Rxd4 Rfd8 32. Rd5 Rxd5 33. cxd5 Rc2
34. Bd3 Rxa2 35. Bxf5 Rxf2 0-1

[Event "CAN/QC op"]
[Site "Montreal CAN"]
[Date "2002.07.18"]
[Round "7"]
[White "Roussel-Roozmon, Thomas"]
[Black "Barsov, Alexei"]
[Result "0-1"]
[WhiteElo "2329"]
[BlackElo "2501"]
[PlyCount "60"]
[EventDate "2002.07.13"]
[EventType "swiss"]
[EventRounds "9"]
[EventCountry "CAN"]

1. Nf3 d5 2. d4 Nf6 3. c4 e6 4. Nc3 Be7 5. Bg5 h6 6. Bh4 O-O 7. e3 b6 8. cxd5
Nxd5 9. Bxe7 Qxe7 10. Rc1 Bb7 11. Nxd5 Bxd5 12. Be2 c5 13. dxc5 Rd8 14. Qc2 Rc8
15. O-O Nd7 16. e4 Rxc5 17. Qb1 Bb7 18. b4 Rxc1 19. Rxc1 Nf6 20. Bd3 Rd8 21. e5
Bxf3 22. exf6 Qxf6 23. Bh7+ Kh8 24. gxf3 g6 25. Bxg6 Rg8 26. Kf1 Rxg6 27. Qe4
Kg7 28. h4 Qb2 29. Rc2 Qa1+ 30. Qe1 Rg1+ 0-1

[Event "CAN/QC op"]
[Site "Montreal CAN"]
[Date "2002.07.19"]
[Round "8"]
[White "Audet-Bouchard, Nicolas"]
[Black "Roussel-Roozmon, Thomas"]
[Result "0-1"]
[WhiteElo "2037"]
[BlackElo "2329"]
[PlyCount "74"]
[EventDate "2002.07.13"]
[EventType "swiss"]
[EventRounds "9"]
[EventCountry "CAN"]

1. e4 c5 2. Nf3 e6 3. d4 cxd4 4. Nxd4 a6 5. Bd3 Qc7 6. Nc3 Nc6 7. Be3 Nf6 8.
O-O h5 9. h3 b5 10. Nxc6 Qxc6 11. e5 Bb7 12. f3 Nd5 13. Be4 Bc5 14. Bf2 Bxf2+
15. Rxf2 Nxc3 16. Bxc6 Nxd1 17. Bxb7 Ra7 18. Rxd1 Rxb7 19. Rd6 Ra7 20. Rfd2 Ke7
21. f4 Rc8 22. c3 Rc4 23. R2d4 Rxd4 24. Rxd4 Rc7 25. Rd6 a5 26. Kf2 g5 27. g3
gxf4 28. gxf4 b4 29. Rd3 Rc4 30. Ke3 a4 31. Rd4 a3 32. bxa3 Rxc3+ 33. Rd3 Rxa3
34. Rxa3 bxa3 35. Kd4 d5 36. exd6+ Kxd6 37. Kc4 e5 0-1

[Event "CAN/QC op"]
[Site "Montreal CAN"]
[Date "2002.07.20"]
[Round "9"]
[White "Roussel-Roozmon, Thomas"]
[Black "Ayotte, Jocelyn"]
[Result "1-0"]
[WhiteElo "2329"]
[BlackElo "1934"]
[PlyCount "63"]
[EventDate "2002.07.13"]
[EventType "swiss"]
[EventRounds "9"]
[EventCountry "CAN"]

1. d4 d5 2. c4 dxc4 3. Nf3 Nf6 4. e3 Bg4 5. Bxc4 e6 6. Qb3 Bxf3 7. gxf3 Qc8 8.
Nc3 a6 9. Bd2 b5 10. Bd3 Qd8 11. Ne4 Nbd7 12. Rc1 Nb6 13. Nxf6+ gxf6 14. Ba5
Bd6 15. f4 f5 16. Rg1 Rb8 17. Ke2 Qh4 18. Qc3 Nd5 19. Qc6+ Ke7 20. Bxf5 Rhg8
21. Be4 Nb6 22. Rxg8 Rxg8 23. Bxb6 cxb6 24. Qb7+ Kf6 25. Qxb6 Bxf4 26. exf4
Qxf4 27. Qc6 Rc8 28. Qxc8 Qxe4+ 29. Kd2 Qxd4+ 30. Kc2 Qe4+ 31. Kb3 Qa4+ 32. Kc3
1-0

[Event "CAN/QC op"]
[Site "Montreal CAN"]
[Date "2002.07.21"]
[Round "10"]
[White "Duong, Thanh Nha"]
[Black "Roussel-Roozmon, Thomas"]
[Result "1/2-1/2"]
[WhiteElo "2360"]
[BlackElo "2329"]
[PlyCount "71"]
[EventDate "2002.07.13"]
[EventType "swiss"]
[EventRounds "9"]
[EventCountry "CAN"]

1. d4 Nf6 2. Nf3 e6 3. e3 b6 4. Bd3 Bb7 5. O-O c5 6. b3 Be7 7. Bb2 O-O 8. Nbd2
d6 9. Qe2 Nbd7 10. Rfd1 Qc7 11. c3 Rac8 12. e4 Qb8 13. a4 cxd4 14. cxd4 a5 15.
Ba3 Rfe8 16. Rac1 Rxc1 17. Rxc1 d5 18. Bxe7 dxe4 19. Nxe4 Rxe7 20. Nxf6+ Nxf6
21. Qe5 Qd8 22. Bb5 Bxf3 23. gxf3 Nd5 24. Qd6 Qxd6 25. Rc8+ Re8 26. Rxe8+ Qf8
27. Kf1 Qxe8 28. Bxe8 Kf8 29. Bc6 Ke7 30. Ke2 Kd6 31. Bb7 h5 32. Kd3 g5 33. Kc4
Nc7 34. Kd3 Nd5 35. Kc4 Nc7 36. Kd3 1/2-1/2

[Event "Quebec-ch inv."]
[Site "Montreal CAN"]
[Date "2002.06.15"]
[Round "1"]
[White "Lazarev, Vladimir"]
[Black "Roussel-Roozmon, Thomas"]
[Result "1/2-1/2"]
[WhiteElo "2449"]
[BlackElo "2203"]
[PlyCount "83"]
[EventDate "2002.06.15"]
[EventType "tourn"]
[EventRounds "9"]
[EventCountry "CAN"]
[EventCategory "6"]

1. d4 Nf6 2. c4 e6 3. Nf3 Bb4+ 4. Bd2 Qe7 5. g3 O-O 6. Bg2 Bxd2+ 7. Qxd2 Ne4 8.
Qc2 f5 9. O-O d6 10. Nc3 Nxc3 11. Qxc3 Nd7 12. Rac1 e5 13. dxe5 dxe5 14. c5 e4
15. Nd2 Nf6 16. c6 b6 17. Nb3 Be6 18. Nd4 g6 19. Nxe6 Qxe6 20. a3 Rfd8 21. Rfd1
Rd6 22. Rxd6 Qxd6 23. e3 Rd8 24. Bf1 Kg7 25. b4 Qd2 26. b5 Qxc3 27. Rxc3 Nd5
28. Rc4 Ne7 29. a4 Kf6 30. a5 Ke5 31. axb6 axb6 32. Ra4 Nd5 33. Ra7 Kd6 34. Ra1
Kc5 35. Rc1+ Kb4 36. Rd1 Rd6 37. g4 Kc5 38. gxf5 gxf5 39. Rc1+ Kb4 40. Rb1+ Kc5
41. Rc1+ Kb4 42. Rb1+ 1/2-1/2

[Event "Quebec-ch inv."]
[Site "Montreal CAN"]
[Date "2002.06.16"]
[Round "2"]
[White "Barbeau, Sylvain"]
[Black "Roussel-Roozmon, Thomas"]
[Result "1/2-1/2"]
[WhiteElo "2397"]
[BlackElo "2203"]
[PlyCount "81"]
[EventDate "2002.06.15"]
[EventType "tourn"]
[EventRounds "9"]
[EventCountry "CAN"]
[EventCategory "6"]

1. e4 e5 2. Nf3 Nf6 3. d4 Nxe4 4. Bd3 d5 5. Nxe5 Nd7 6. Nxd7 Bxd7 7. O-O Bd6 8.
Qh5 c6 9. Nc3 O-O 10. Nxe4 dxe4 11. Bxe4 g6 12. Qh6 Re8 13. Bd3 Bf8 14. Qf4 Be6
15. Be3 Bg7 16. a4 Qa5 17. c3 Bb3 18. Ra3 Qd5 19. Rc1 Bc4 20. Bxc4 Qxc4 21. Qf3
Bf8 22. Raa1 Rad8 23. Rd1 Rd5 24. Rd2 f5 25. g3 Bd6 26. Qe2 Qb3 27. Qd1 Qc4 28.
a5 f4 29. Ra4 Qa6 30. gxf4 Rxa5 31. Qb3+ Kh8 32. Rxa5 Qxa5 33. d5 c5 34. Qxb7
Qa1+ 35. Kg2 Qe1 36. Qc6 Rxe3 37. fxe3 Qxd2+ 38. Kf3 Qd1+ 39. Kf2 Qd2+ 40. Kf3
Qd1+ 41. Kf2 1/2-1/2

[Event "Quebec-ch inv."]
[Site "Montreal CAN"]
[Date "2002.06.17"]
[Round "3"]
[White "Roussel-Roozmon, Thomas"]
[Black "Times, Jerald"]
[Result "1-0"]
[WhiteElo "2203"]
[BlackElo "2359"]
[PlyCount "131"]
[EventDate "2002.06.15"]
[EventType "tourn"]
[EventRounds "9"]
[EventCountry "CAN"]
[EventCategory "6"]

1. d4 d5 2. c4 e6 3. Nc3 Nf6 4. cxd5 exd5 5. Bg5 Be7 6. e3 c6 7. Bd3 O-O 8. Qc2
Nbd7 9. Nf3 Re8 10. O-O Nf8 11. Rae1 Nh5 12. Bxe7 Rxe7 13. Ne5 g6 14. b4 Qd6
15. Qb3 Be6 16. Na4 Rae8 17. b5 f6 18. Nf3 Bg4 19. Be2 Nf4 20. Bd1 N4e6 21. Nd2
Bf5 22. Nf3 g5 23. bxc6 bxc6 24. Qc3 Ng6 25. Bb3 Be4 26. Nd2 Bf5 27. Rc1 Nd8
28. Nc5 Kh8 29. Na6 Nh4 30. g3 Bg4 31. gxh4 Be2 32. Nc5 gxh4 33. Kh1 Bxf1 34.
Rxf1 Rg7 35. e4 Reg8 36. Qf3 Rg2 37. Qxg2 Rxg2 38. Kxg2 Qf4 39. Rd1 h3+ 40. Kg1
dxe4 41. Ndxe4 f5 42. Ng3 h5 43. Bc2 Qg4 44. Kf1 f4 45. Nf5 f3 46. Ne3 Qf4 47.
Kg1 Qg5+ 48. Kh1 Qh4 49. Kg1 Nf7 50. Be4 Qf6 51. Rb1 Nd6 52. Bd3 Kg8 53. Rb8+
Kf7 54. Rf8+ Kxf8 55. Nd7+ Ke7 56. Nxf6 Kxf6 57. Kf1 Kg5 58. Ke1 Kf4 59. Kd2
Ne8 60. Kc3 Nf6 61. Kc4 Ng4 62. Nxg4 hxg4 63. Bf1 Ke4 64. Kc3 g3 65. fxg3 Ke3
66. Bxh3 1-0

[Event "Quebec-ch inv."]
[Site "Montreal CAN"]
[Date "2002.06.18"]
[Round "4"]
[White "Duong, Thanh Nha"]
[Black "Roussel-Roozmon, Thomas"]
[Result "1-0"]
[WhiteElo "2339"]
[BlackElo "2203"]
[PlyCount "95"]
[EventDate "2002.06.15"]
[EventType "tourn"]
[EventRounds "9"]
[EventCountry "CAN"]
[EventCategory "6"]

1. Nf3 b6 2. g3 Bb7 3. Bg2 e6 4. c4 c5 5. Nc3 Nf6 6. O-O Be7 7. d4 cxd4 8. Qxd4
d6 9. Rd1 a6 10. b3 Nbd7 11. e4 O-O 12. Ba3 Nc5 13. e5 dxe5 14. Qxd8 Rfxd8 15.
Nxe5 Bxg2 16. Kxg2 Rdc8 17. Na4 Rab8 18. Bxc5 Bxc5 19. Nxc5 Rxc5 20. Nd7 Nxd7
21. Rxd7 b5 22. Rad1 g5 23. cxb5 axb5 24. g4 Rbc8 25. Kf3 Kg7 26. R1d6 Re5 27.
Rd3 Rc2 28. Rd2 Rc3+ 29. R7d3 Rc7 30. a3 Kg6 31. h3 f5 32. Rd7 Rc3+ 33. R2d3
Rxd3+ 34. Rxd3 h5 35. Re3 fxg4+ 36. hxg4 hxg4+ 37. Kxg4 Rd5 38. Rxe6+ Kf7 39.
Rc6 Ke7 40. b4 Rd2 41. f3 Rg2+ 42. Kh3 Ra2 43. Rc3 Kf6 44. Kg3 Kg6 45. Rc5 Rxa3
46. Kg4 Kf6 47. Rf5+ Ke6 48. Rxg5 1-0

[Event "Quebec-ch inv."]
[Site "Montreal CAN"]
[Date "2002.06.21"]
[Round "6"]
[White "Voskanyan, Vahagn"]
[Black "Roussel-Roozmon, Thomas"]
[Result "1/2-1/2"]
[WhiteElo "2315"]
[BlackElo "2203"]
[PlyCount "97"]
[EventDate "2002.06.15"]
[EventType "tourn"]
[EventRounds "9"]
[EventCountry "CAN"]
[EventCategory "6"]

1. e4 e5 2. Nf3 Nf6 3. Nc3 Bb4 4. a3 Bxc3 5. dxc3 d6 6. Bd3 Be6 7. Qe2 h6 8. h3
Nbd7 9. Be3 c6 10. c4 Qc7 11. Nd2 d5 12. cxd5 cxd5 13. exd5 Nxd5 14. O-O O-O
15. c4 Nxe3 16. fxe3 f5 17. b4 e4 18. Bc2 Ne5 19. c5 b6 20. Bb3 Bxb3 21. Nxb3
Nd3 22. Nd4 Qe5 23. Qh5 bxc5 24. Nxf5 c4 25. Ra2 a5 26. Qg6 Kh8 27. b5 Rae8 28.
Rc2 Re6 29. Qg4 g6 30. Ng3 Rxf1+ 31. Nxf1 Rf6 32. Ng3 h5 33. Qh4 Ne1 34. Nxe4
Nxc2 35. Qxf6+ Qxf6 36. Nxf6 Nd4 37. Kf2 Nxb5 38. a4 Nc3 39. Nd7 Nxa4 40. Ke2
Nc3+ 41. Kd2 Nd5 42. Ne5 c3+ 43. Kd3 c2 44. Kxc2 Nxe3+ 45. Kb3 Kg7 46. g4 h4
47. g5 Ng2 48. Ka4 Nf4 49. Nf3 1/2-1/2

[Event "Quebec-ch inv."]
[Site "Montreal CAN"]
[Date "2002.06.22"]
[Round "7"]
[White "Roussel-Roozmon, Thomas"]
[Black "Linskiy, Oleg"]
[Result "1/2-1/2"]
[WhiteElo "2203"]
[BlackElo "2417"]
[PlyCount "30"]
[EventDate "2002.06.15"]
[EventType "tourn"]
[EventRounds "9"]
[EventCountry "CAN"]
[EventCategory "6"]

1. d4 c5 2. d5 Nf6 3. c4 e6 4. Nc3 exd5 5. cxd5 d6 6. e4 g6 7. Nf3 Bg7 8. h3
O-O 9. Bd3 a6 10. a4 Nbd7 11. O-O Nh5 12. Bg5 Bf6 13. Be3 Bg7 14. Bg5 Bf6 15.
Be3 Bg7 1/2-1/2

[Event "Quebec-ch inv."]
[Site "Montreal CAN"]
[Date "2002.06.25"]
[Round "9"]
[White "Roussel-Roozmon, Thomas"]
[Black "Cuartas, Carlos"]
[Result "1/2-1/2"]
[WhiteElo "2203"]
[BlackElo "2307"]
[PlyCount "89"]
[EventDate "2002.06.15"]
[EventType "tourn"]
[EventRounds "9"]
[EventCountry "CAN"]
[EventCategory "6"]
[Source "Mark Crowther"]
[SourceDate "2002.07.01"]

1. d4 d5 2. c4 Nc6 3. cxd5 Qxd5 4. e3 e5 5. Nc3 Bb4 6. Bd2 Bxc3 7. Bxc3 exd4 8.
Ne2 Bg4 9. f3 Be6 10. Nxd4 Nxd4 11. Qxd4 Qxd4 12. Bxd4 f6 13. Be2 Ne7 14. Kf2
Nf5 15. Bc3 O-O-O 16. b3 Rhe8 17. Rhd1 Nxe3 18. Rxd8+ Kxd8 19. Kxe3 Bc4+ 20.
Kf4 Bxe2 21. Re1 Re6 22. Kg3 Ke7 23. Kf2 Bd3 24. Bb4+ Kf7 25. Rxe6 Kxe6 26. Bf8
Kf7 27. Bc5 b6 28. Be3 Ke6 29. Bf4 Kd7 30. Ke3 Bb1 31. a3 Ba2 32. b4 c5 33.
bxc5 bxc5 34. Bb8 a5 35. Bg3 Kc6 36. Kd3 Bd5 37. Bf4 a4 38. Bg3 Bb3 39. Ke3 Kd5
40. Bc7 Bc4 41. f4 h5 42. h4 Bb3 43. g3 Bd1 44. Bd8 Bg4 45. Bc7 1/2-1/2

[Event "Quebec-ch U20"]
[Site "Montreal CAN"]
[Date "2002.05.10"]
[Round "1"]
[White "Lawson, Eric"]
[Black "Roussel-Roozmon, Thomas"]
[Result "1-0"]
[WhiteElo "2299"]
[BlackElo "2303"]
[PlyCount "91"]
[EventDate "2002.05.10"]
[EventType "tourn"]
[EventRounds "5"]
[EventCountry "CAN"]

1. d4 d5 2. Bg5 h6 3. Bh4 c6 4. Nf3 Qb6 5. b3 a5 6. a3 Bf5 7. Nc3 e6 8. e3 Ne7
9. Bg3 Nd7 10. Ne5 Nf6 11. h3 Ne4 12. Nxe4 Bxe4 13. Bd3 Bxd3 14. Qxd3 Nf5 15.
O-O Bd6 16. Bf4 O-O 17. Nd7 Qc7 18. Bxd6 Qxd6 19. Nxf8 Rxf8 20. c4 Nh4 21. c5
Qe7 22. f4 Nf5 23. Kh2 g5 24. b4 g4 25. g3 h5 26. hxg4 hxg4 27. Kg2 axb4 28.
axb4 Kg7 29. Rh1 Qd8 30. Qe2 Kf6 31. Kf2 Rg8 32. b5 Qb8 33. Qb2 Qc8 34. Rab1
Qa8 35. Ra1 Qc8 36. Rh2 Qc7 37. bxc6 bxc6 38. Qb6 Qxb6 39. cxb6 Rb8 40. Ra6 Nd6
41. Rh1 Kf5 42. Ke2 Ke4 43. Rb1 Rh8 44. Rb3 Rb8 45. Ra7 f6 46. Rc7 1-0

[Event "Quebec-ch U20"]
[Site "Montreal CAN"]
[Date "2002.05.11"]
[Round "2"]
[White "Masse, Hugues"]
[Black "Roussel-Roozmon, Thomas"]
[Result "0-1"]
[WhiteElo "2303"]
[BlackElo "2132"]
[PlyCount "66"]
[EventDate "2002.05.10"]
[EventType "tourn"]
[EventRounds "5"]
[EventCountry "CAN"]

1. e4 c5 2. Nf3 e6 3. d4 cxd4 4. Nxd4 a6 5. Nc3 Qc7 6. Be2 Nf6 7. O-O d6 8. f4
Be7 9. Be3 O-O 10. g4 Re8 11. g5 Nfd7 12. Bd3 g6 13. Qg4 Bf8 14. Qh4 Bg7 15.
Rf3 Nc6 16. Nde2 Nb4 17. Kg2 b5 18. Bd4 e5 19. Bg1 exf4 20. Nxf4 Ne5 21. Rf2
Bb7 22. Re2 Nc4 23. Rb1 Rac8 24. a4 bxa4 25. Nxa4 Qb8 26. b3 Na3 27. Rf1 Naxc2
28. Nb6 Rc7 29. Bxc2 Rxc2 30. Rxc2 Bxe4+ 31. Kg3 Nxc2 32. Rd1 d5 33. b4 d4 0-1